000 00323nam a22001457a 4500
008 180226b xxu||||| |||| 00| 0 eng d
020 _a0815158459
041 _aeng
080 _a617 COY
082 _a617 COY
100 _a5
101 _aKIR
245 _aPlastic and reconstructive surgery
_cCoy,M
942 _2udc
_cBK
999 _c43415
_d43415